Govt. of
Madhya Pradesh

अपराध अपराधी और अभियुक्‍त (Record no. 25812)

MARC details
000 -LEADER
fixed length control field 005740000a22001810004500
003 - CONTROL NUMBER IDENTIFIER
control field MACL
005 - DATE AND TIME OF LATEST TRANSACTION
control field 20160221122200.0
008 - FIXED-LENGTH DATA ELEMENTS--GENERAL INFORMATION
fixed length control field 160221b xxu||||| |||| 00| 0 eng d
040 ## - CATALOGING SOURCE
Original cataloging agency MACL
Transcribing agency MACL
041 ## - LANGUAGE CODE
Language code of text/sound track or separate title Hindi
082 ## - DEWEY DECIMAL CLASSIFICATION NUMBER
Classification number 364
100 ## - MAIN ENTRY--PERSONAL NAME
Personal name वर्म्‍मा परिपूर्णानन्‍द
9 (RLIN) 38666
245 ## - TITLE STATEMENT
Title अपराध अपराधी और अभियुक्‍त
260 ## - PUBLICATION, DISTRIBUTION, ETC. (IMPRINT)
Name of publisher, distributor, etc. रामप्रसाद एण्‍ड संस
Place of publication, distribution, etc. आग्रा
350 ## - PRICE (NR) (BK AM CF MU VM SE) [OBSOLETE]
Price 8
650 ## - SUBJECT ADDED ENTRY--TOPICAL TERM
Topical term or geographic name as entry element Criminology
9 (RLIN) 39389
942 ## - ADDED ENTRY ELEMENTS (KOHA)
Koha item type Hindi Books
Call number prefix 364
Source of classification or shelving scheme
Holdings
Withdrawn status Lost status Source of classification or shelving scheme Damaged status Not for loan Home library Current library Date acquired Cost, normal purchase price Total Checkouts Full call number Barcode Date last seen Uniform Resource Identifier Price effective from Koha item type
          MACL MACL 15/04/2015 8.00   364 CLH010620 29/04/2015 25852 15/04/2015 Books